[Event "Bahn-SC Wuppertal 1 - SV Mülheim-Nord "]
[Site "Oberliga NRW 2019/2020"]
[Date "2019.09.15"]
[Round "1.8"]
[White "Patscha, Elias"]
[Black "Bus, Tom"]
[Result "1/2-1/2"]
[WhiteElo "2010"]
[BlackElo "2095"]
[PlyCount "63"]
[EventDate "2019.??.??"]
[SourceVersionDate "2020.03.16"]
[WhiteTeam "Bahn-SC Wuppertal 1"]
[BlackTeam "SV Mülheim-Nord 2"]

1. d4 Nf6 2. c4 c5 3. Nf3 cxd4 4. Nxd4 b6 5. Nc3 Bb7 6. Bg5 d6 7. f3 Nbd7 8. e4
e6 9. Be2 a6 10. O-O Be7 11. Rc1 O-O 12. Kh1 Nxe4 13. Bxe7 Nxc3 14. Bxd8 Nxd1
15. Be7 Rfe8 16. Bxd6 Nxb2 17. c5 Nxc5 18. Bxc5 bxc5 19. Rxc5 Bd5 20. Ra5 Bc4
21. Rc1 Rec8 22. Bxc4 Nxc4 23. Rh5 Rc7 24. Kg1 Rac8 25. Nb3 g6 26. Rh4 e5 27.
Re4 f5 28. Re2 Rc6 29. Rec2 Na5 30. Rc5 Kf7 31. Kf2 Ke6 32. Rxa5 1/2-1/2

[Event "SG Bochum 1 - SF Essen-Katernberg  1"]
[Site "Oberliga NRW 2019/2020"]
[Date "2019.09.15"]
[Round "1.1"]
[White "Siebrecht, Sebastian"]
[Black "Kotainy, Jens"]
[Result "0-1"]
[WhiteElo "2408"]
[BlackElo "2429"]
[PlyCount "98"]
[EventDate "2019.??.??"]
[SourceVersionDate "2020.03.16"]
[WhiteTeam "SF Essen-Katernberg  1"]
[BlackTeam "SG Bochum 1"]

1. Nf3 f5 2. g3 Nf6 3. Bg2 d6 4. d4 e6 5. b3 Be7 6. Bb2 O-O 7. O-O a5 8. a4 Ne4
9. Nfd2 Nxd2 10. Nxd2 Bf6 11. e4 Nc6 12. exf5 exf5 13. Nc4 f4 14. gxf4 Qe8 15.
Ne3 Qg6 16. Qf3 Kh8 17. Rad1 Bg5 18. Nd5 Bh4 19. Rd2 Bg4 20. Qc3 Nb4 21. Nxb4
axb4 22. Qd3 Bf5 23. Qc4 Bh3 24. f3 Rae8 25. f5 Bxf5 26. Kh1 Be1 27. Rd1 d5 28.
Qxd5 Re2 29. Rg1 Bf2 30. Qc5 Rfe8 31. Qxb4 Bxg1 32. Rxg1 Rxc2 33. Bc1 h6 34.
Bf4 Qc6 35. Be5 Kh7 36. Qe1 g5 37. h4 g4 38. Qg3 Rg8 39. Qf4 Qg6 40. Bf1 Qh5
41. Qg3 Rg6 42. Bxc7 gxf3 43. Qf4 Rxg1+ 44. Kxg1 Qg6+ 45. Kh1 Rf2 46. Qc1 Qc6
47. Qe1 Rxf1+ 48. Qxf1 f2+ 49. d5 Be4+ 0-1

[Event "SG Bochum 1 - SF Essen-Katernberg  1"]
[Site "Oberliga NRW 2019/2020"]
[Date "2019.09.15"]
[Round "1.2"]
[White "Hendriks, Willy"]
[Black "Tomic, Bosko"]
[Result "1-0"]
[WhiteElo "2397"]
[BlackElo "2367"]
[PlyCount "91"]
[EventDate "2019.??.??"]
[SourceVersionDate "2020.03.16"]
[WhiteTeam "SG Bochum 1"]
[BlackTeam "SF Essen-Katernberg  1"]

1. g3 Nf6 2. Bg2 g6 3. e4 d6 4. d4 Bg7 5. Ne2 c5 6. c3 cxd4 7. cxd4 Nc6 8. O-O
O-O 9. Nbc3 e5 10. d5 Ne7 11. f3 Qb6+ 12. Kh1 Nd7 13. Qb3 Qa5 14. Be3 a6 15. a4
f5 16. Qa3 Qc7 17. Rac1 Qb8 18. a5 Nf6 19. Na4 fxe4 20. fxe4 Bg4 21. Ng1 Qe8
22. Nb6 Rd8 23. Rc7 Rf7 24. Rfc1 Nc8 25. Rxf7 Qxf7 26. h3 Bd7 27. Rc7 Qf8 28.
Rxb7 Bb5 29. Nxc8 Rxc8 30. Rxb5 axb5 31. a6 Nd7 32. Qb4 Ra8 33. Qxb5 Qc8 34.
Bf1 Nc5 35. Bxc5 Qxc5 36. Qxc5 dxc5 37. Nf3 Kf8 38. Ng5 Ra7 39. Ne6+ Kf7 40.
Nd8+ Ke8 41. Nc6 Ra8 42. Bb5 Kd7 43. Nxe5+ Kc7 44. Nc4 Rb8 45. d6+ Kd8 46. Bc6
1-0

[Event "SG Bochum 1 - SF Essen-Katernberg  1"]
[Site "Oberliga NRW 2019/2020"]
[Date "2019.09.15"]
[Round "1.3"]
[White "Kueppers, Timo"]
[Black "Tkachuk, Konstantyn"]
[Result "1-0"]
[WhiteElo "2233"]
[BlackElo "2294"]
[Annotator "Daniel"]
[PlyCount "75"]
[EventDate "2019.??.??"]
[SourceVersionDate "2020.03.16"]
[WhiteTeam "SF Essen-Katernberg  1"]
[BlackTeam "SG Bochum 1"]

1. e4 c5 2. c3 g6 3. d4 cxd4 4. cxd4 d5 5. e5 Nc6 6. Nc3 f6 7. Nf3 Bg7 8. Bb5
Bg4 9. O-O e6 10. h3 Bxf3 11. Qxf3 Nh6 12. Bxc6+ bxc6 13. exf6 O-O 14. Bg5 Rf7
15. Qe3 Nf5 16. fxg7 Nxe3 17. Bxd8 Nxf1 18. Bg5 Rf5 19. Bh6 Rh5 $11 20. Bf4 Rf5
21. Ne2 g5 22. Bc1 Kxg7 23. Kxf1 h6 24. Bd2 Raf8 25. f3 R5f7 26. Nc1 Kf6 27.
Nd3 Rc8 28. Rc1 Rb7 29. b3 Ke7 30. Ne5 Kd6 31. Nd3 Rcb8 32. Kf2 Rb5 33. h4 Rg8
34. hxg5 hxg5 35. Ne5 c5 36. Rxc5 Rxc5 37. Bb4 Rgc8 38. Nd3 1-0

[Event "SG Bochum 1 - SF Essen-Katernberg  1"]
[Site "Oberliga NRW 2019/2020"]
[Date "2019.09.15"]
[Round "1.4"]
[White "Schlawin, Marlon"]
[Black "Rosen, Bernd"]
[Result "1/2-1/2"]
[WhiteElo "2274"]
[BlackElo "2293"]
[Annotator "Daniel"]
[PlyCount "62"]
[EventDate "2019.??.??"]
[SourceVersionDate "2020.03.16"]
[WhiteTeam "SG Bochum 1"]
[BlackTeam "SF Essen-Katernberg  1"]

1. Nf3 Nf6 2. g3 g6 3. Bg2 Bg7 4. d3 c5 5. e4 Nc6 6. O-O O-O 7. Re1 d6 8. Nbd2
Qc7 9. c3 Rb8 10. a4 a6 11. Qc2 Bd7 12. Nf1 e5 13. Bg5 h6 14. Bxf6 Bxf6 15. Ne3
Be6 16. Rf1 b5 17. axb5 axb5 $11 18. Nd2 Ne7 19. f4 Qd7 20. Kh1 Bg7 21. Nd5 $11
Bxd5 22. exd5 Nf5 23. Rae1 exf4 24. Rxf4 Be5 25. Ne4 Qa7 26. Rf3 b4 27. Qd2 Qa2
28. Rxf5 gxf5 29. Qxh6 Bg7 30. Nf6+ Bxf6 31. Qxf6 Rfe8 1/2-1/2

[Event "SG Bochum 1 - SF Essen-Katernberg  1"]
[Site "Oberliga NRW 2019/2020"]
[Date "2019.09.15"]
[Round "1.5"]
[White "Bee, Marcus"]
[Black "Tkachuk, Sergij"]
[Result "1-0"]
[WhiteElo "2169"]
[BlackElo "2213"]
[PlyCount "109"]
[EventDate "2019.??.??"]
[SourceVersionDate "2020.03.16"]
[WhiteTeam "SF Essen-Katernberg  1"]
[BlackTeam "SG Bochum 1"]

1. Nf3 Nf6 2. c4 g6 3. g3 Bg7 4. Bg2 O-O 5. O-O c6 6. d4 d6 7. b3 Qc7 8. Bb2
Re8 9. Nbd2 a5 10. a3 Na6 11. Qc2 h6 12. e4 e5 13. Rfe1 Bg4 14. h3 Bxf3 15.
Nxf3 c5 16. d5 Qd7 17. Bc3 Nc7 18. Qd2 b6 19. Nh4 Kh7 20. Kh2 Ng8 21. f4 b5 22.
fxe5 Bxe5 23. Bxe5 dxe5 24. Qf2 bxc4 25. bxc4 Na6 26. Rab1 Kg7 27. Rb5 Qc7 28.
Reb1 Reb8 29. Nf3 Rxb5 30. cxb5 Nb8 31. b6 Qd6 32. b7 Ra7 33. Qb2 f6 34. Nd2 h5
35. Nc4 Qc7 36. Qb5 Ra6 37. d6 Qc6 38. Qxc6 Rxc6 39. d7 Nxd7 40. b8=Q Nxb8 41.
Rxb8 Rc7 42. Ra8 f5 43. exf5 gxf5 44. Rxa5 e4 45. Ne3 Ne7 46. Bf1 Kf6 47. h4
Ke5 48. Kg2 Rb7 49. Rb5 Ra7 50. Kf2 Kd4 51. Be2 Ra4 52. Rb7 Ng6 53. Nxf5+ Kd5
54. Ne3+ Kc6 55. Bb5+ 1-0

[Event "SG Bochum 1 - SF Essen-Katernberg  1"]
[Site "Oberliga NRW 2019/2020"]
[Date "2019.09.15"]
[Round "1.6"]
[White "Werthebach, Felix"]
[Black "Gruenter, Martin"]
[Result "1-0"]
[WhiteElo "2166"]
[BlackElo "2162"]
[Annotator "Daniel"]
[PlyCount "47"]
[EventDate "2019.??.??"]
[SourceVersionDate "2020.03.16"]
[WhiteTeam "SG Bochum 1"]
[BlackTeam "SF Essen-Katernberg  1"]

1. c4 Nf6 2. g3 e6 3. Bg2 d5 4. Nf3 dxc4 5. O-O Nbd7 6. Qa4 a6 7. Qxc4 b5 8.
Qc2 Bb7 9. d4 c5 10. a4 Rc8 11. axb5 axb5 12. Bg5 Qb6 13. Na3 Be4 14. Qb3 $11
Rb8 15. Bxf6 Nxf6 16. Ne5 cxd4 17. Bxe4 Nxe4 18. Qf3 Nf6 19. Rfc1 Be7 $11 20.
Qc6+ Qxc6 21. Nxc6 Ra8 22. Nxb5 Rxa1 23. Rxa1 Bd8 24. Nxd8 1-0

[Event "SG Bochum 1 - SF Essen-Katernberg  1"]
[Site "Oberliga NRW 2019/2020"]
[Date "2019.09.15"]
[Round "1.7"]
[White "Schimnatkowski, Lukas"]
[Black "Backwinkel, Paul"]
[Result "1-0"]
[WhiteElo "2147"]
[BlackElo "2227"]
[PlyCount "93"]
[EventDate "2019.??.??"]
[SourceVersionDate "2020.03.16"]
[WhiteTeam "SF Essen-Katernberg  1"]
[BlackTeam "SG Bochum 1"]

1. c4 e6 2. g3 d5 3. Bg2 c6 4. Nf3 Nd7 5. d3 Ngf6 6. O-O Be7 7. Nc3 O-O 8. Bf4
b6 9. e4 dxc4 10. dxc4 Bb7 11. e5 Nh5 12. Be3 g6 13. Re1 Qc7 14. h4 Rfd8 15.
Qc2 c5 16. g4 Ng7 17. Bg5 Bxg5 18. hxg5 Ne8 19. Ne4 Nb8 20. Nf6+ Nxf6 21. gxf6
Qc8 22. Qc1 Rd7 23. Qf4 Qf8 24. Rad1 h6 25. Rxd7 Nxd7 26. Nd2 Bxg2 27. Kxg2 Rd8
28. Ne4 Nb8 29. Nd6 Nc6 30. Rd1 Rd7 31. Qe3 Kh7 32. f4 Nd4 33. Qe4 Qb8 34. Rh1
Qc7 35. Kf2 Qc6 36. Qxc6 Nxc6 37. Ke3 g5 38. Ke4 gxf4 39. g5 Kg6 40. gxh6 Kh7
41. Kxf4 Nb4 42. Ke4 Nxa2 43. Rg1 Kxh6 44. Rg7 Kh5 45. Rxf7 Rxf7 46. Nxf7 Kg6
47. Ng5 1-0

[Event "SG Bochum 1 - SF Essen-Katernberg  1"]
[Site "Oberliga NRW 2019/2020"]
[Date "2019.09.15"]
[Round "1.8"]
[White "Wuebker, Paul-Luca"]
[Black "Gassmann, Volker"]
[Result "1-0"]
[WhiteElo "2069"]
[BlackElo "2229"]
[PlyCount "61"]
[EventDate "2019.??.??"]
[SourceVersionDate "2020.03.16"]
[WhiteTeam "SG Bochum 1"]
[BlackTeam "SF Essen-Katernberg  1"]

1. d4 e6 2. c4 Bb4+ 3. Nd2 d5 4. Qa4+ Nc6 5. e3 Nf6 6. Ngf3 O-O 7. a3 Bxd2+ 8.
Bxd2 Ne4 9. Bd3 f5 10. O-O Kh8 11. Be1 Bd7 12. Qc2 Be8 13. b4 Bh5 14. Nd2 Qg5
15. cxd5 exd5 16. b5 Nxd2 17. f4 Qd8 18. Bxd2 Ne7 19. Rac1 Rc8 20. Bb4 Rf6 21.
Rfe1 c6 22. Qc5 Re6 23. Qxa7 cxb5 24. Qxb7 Rxc1 25. Rxc1 Ng8 26. Rc8 Qh4 27.
Qxd5 Bf7 28. Rf8 Qh5 29. Qxf5 Rxe3 30. Qxh5 Bxh5 31. Bxb5 1-0

[Event "SV Letmathe 1 - SF Essen-Katernberg  1"]
[Site "Oberliga NRW 2019/2020"]
[Date "2019.10.13"]
[Round "2.1"]
[White "Tomic, Bosko"]
[Black "Kolosowski, Mateusz"]
[Result "1/2-1/2"]
[WhiteElo "2367"]
[BlackElo "2477"]
[PlyCount "81"]
[EventDate "2019.??.??"]
[SourceVersionDate "2020.03.16"]
[WhiteTeam "SF Essen-Katernberg  1"]
[BlackTeam "SV Letmathe 1"]

1. e4 c5 2. Nf3 e6 3. Nc3 Nc6 4. d4 cxd4 5. Nxd4 Qc7 6. g3 a6 7. Bg2 Nf6 8. O-O
Nxd4 9. Qxd4 Bc5 10. Qd3 d6 11. Bf4 h6 12. b4 Bxb4 13. Nb5 axb5 14. Qxb5+ Bd7
15. Qxb4 e5 16. Be3 Ra4 17. Qb3 Nxe4 18. Rfe1 O-O 19. Rad1 Bc6 20. c4 Ng5 21.
Bxg5 hxg5 22. Bxc6 Qxc6 23. Rxd6 Qxd6 24. Qxa4 Rc8 25. Qb5 f6 26. Qxb7 Rxc4 27.
Qb3 Qb4 28. Qe3 Rc3 29. Qe2 g4 30. Rd1 Qa4 31. Qd2 Qc4 32. Qd8+ Kh7 33. Qe8 Kh6
34. Qh8+ Kg6 35. Qe8+ Kh6 36. a4 Qe2 37. Qh8+ Kg6 38. Qe8+ Kh6 39. Qh8+ Kg6 40.
Qe8+ Kh6 41. Qh8+ 1/2-1/2

[Event "SV Letmathe 1 - SF Essen-Katernberg  1"]
[Site "Oberliga NRW 2019/2020"]
[Date "2019.10.13"]
[Round "2.2"]
[White "Cukrowski, Filip"]
[Black "Kueppers, Timo"]
[Result "1/2-1/2"]
[WhiteElo "2425"]
[BlackElo "2233"]
[PlyCount "41"]
[EventDate "2019.??.??"]
[SourceVersionDate "2020.03.16"]
[WhiteTeam "SV Letmathe 1"]
[BlackTeam "SF Essen-Katernberg  1"]

1. e4 c5 2. Nf3 d6 3. c3 Nf6 4. Be2 g6 5. O-O Bg7 6. Bb5+ Nbd7 7. Re1 O-O 8. d4
a6 9. Bd3 Qc7 10. h3 e5 11. dxe5 dxe5 12. a4 b6 13. Qe2 Bb7 14. Na3 Nh5 15. g3
Kh8 16. Nh4 Qc6 17. Kh2 Bf6 18. Ng2 Bg7 19. Nh4 Bf6 20. Ng2 Bg7 21. Nh4 1/2-1/2

[Event "SV Letmathe 1 - SF Essen-Katernberg  1"]
[Site "Oberliga NRW 2019/2020"]
[Date "2019.10.13"]
[Round "2.3"]
[White "Rosen, Bernd"]
[Black "Dubinski, Mateusz"]
[Result "0-1"]
[WhiteElo "2293"]
[BlackElo "2320"]
[PlyCount "98"]
[EventDate "2019.??.??"]
[SourceVersionDate "2020.03.16"]
[WhiteTeam "SF Essen-Katernberg  1"]
[BlackTeam "SV Letmathe 1"]

1. Nf3 d5 2. g3 Nf6 3. Bg2 e6 4. O-O c5 5. c4 dxc4 6. Na3 Nc6 7. Nxc4 Be7 8. b3
O-O 9. Bb2 Qc7 10. Nfe5 Nd4 11. e3 Nf5 12. Rc1 Rd8 13. Qe2 Rb8 14. Nf3 b5 15.
Be5 Nd6 16. Nxd6 Bxd6 17. d4 c4 18. Bxd6 Rxd6 19. bxc4 bxc4 20. Ne5 c3 21. Qc4
Qxc4 22. Nxc4 Ra6 23. Rxc3 Rxa2 24. Rfc1 Ba6 25. h3 h5 26. Na3 Nd5 27. Bxd5
exd5 28. Rb1 Rxb1+ 29. Nxb1 Ra1 30. Rb3 Bc4 31. Rb8+ Kh7 32. Kg2 a5 33. Nd2 Bd3
34. Rb3 Bg6 35. e4 Ra2 36. Nf1 Bxe4+ 37. Kg1 a4 38. Rc3 Rc2 39. Re3 Rc4 40. f3
Bg6 41. Ra3 Rxd4 42. Kf2 Bf5 43. Ke3 Rb4 44. g4 Bd7 45. Nd2 Bb5 46. Ra1 Rb2 47.
Nf1 Rb3+ 48. Kf4 h4 49. Ne3 g5+ 0-1

[Event "SV Letmathe 1 - SF Essen-Katernberg  1"]
[Site "Oberliga NRW 2019/2020"]
[Date "2019.10.13"]
[Round "2.4"]
[White "Soukup, Jiri"]
[Black "Wessendorf, Thomas"]
[Result "1-0"]
[WhiteElo "2351"]
[BlackElo "2206"]
[Annotator "Daniel"]
[PlyCount "93"]
[EventDate "2019.??.??"]
[SourceVersionDate "2020.03.16"]
[WhiteTeam "SV Letmathe 1"]
[BlackTeam "SF Essen-Katernberg  1"]

1. e4 c5 2. a3 g6 3. Nf3 Bg7 4. Nc3 Nc6 5. Bc4 d6 6. d3 Nf6 7. Bf4 O-O 8. Qd2
Bg4 9. Nh4 Nd4 10. h3 Bd7 11. Nf3 b5 12. Ba2 b4 13. axb4 cxb4 14. Nd1 Nxf3+ 15.
gxf3 a5 16. Bh6 e5 17. Bg5 Be6 18. Ne3 h6 19. Bh4 g5 $11 20. Bg3 d5 21. h4 d4
22. Nc4 Nd7 23. hxg5 hxg5 24. Ke2 f5 25. exf5 Rxf5 26. Nd6 Bxa2 27. Nxf5 Bd5
28. Rh5 Bf6 29. Nh6+ Kg7 30. Ng4 Kg6 31. Rah1 Bg7 32. Rh7 Qf8 33. R1h6+ Bxh6
34. Rxh6+ Qxh6 35. Nxh6 Rf8 36. Qc1 Bxf3+ 37. Kd2 Kxh6 38. Qa1 Ra8 39. Qa4 Nf6
40. Qb5 Kg6 41. Bxe5 Re8 42. b3 a4 43. bxa4 Re6 44. Bxd4 Re2+ 45. Kc1 Nd5 46.
Kb2 Rd2 47. Qe8+ 1-0

[Event "SV Letmathe 1 - SF Essen-Katernberg  1"]
[Site "Oberliga NRW 2019/2020"]
[Date "2019.10.13"]
[Round "2.5"]
[White "Bee, Marcus"]
[Black "Schleining, Zoya"]
[Result "0-1"]
[WhiteElo "2169"]
[BlackElo "2310"]
[Annotator "Daniel"]
[PlyCount "52"]
[EventDate "2019.??.??"]
[SourceVersionDate "2020.03.16"]
[WhiteTeam "SF Essen-Katernberg  1"]
[BlackTeam "SV Letmathe 1"]

1. Nf3 d5 2. c4 d4 3. g3 c5 4. Bg2 Nc6 5. O-O e5 6. d3 Bd6 7. Na3 Nge7 8. Nc2
O-O 9. a3 a5 10. b3 Bd7 11. e3 f6 12. exd4 cxd4 13. Rb1 Rb8 14. Nd2 f5 15. b4
b6 16. b5 Na7 17. Nf3 $11 Nac8 18. Re1 Ng6 19. Ng5 Nce7 20. Qh5 h6 21. Bd5+
Nxd5 22. cxd5 Qf6 23. Ne6 Rfc8 24. Qe2 Ne7 25. f4 Nxd5 26. fxe5 Qxe6 0-1

[Event "SV Letmathe 1 - SF Essen-Katernberg  1"]
[Site "Oberliga NRW 2019/2020"]
[Date "2019.10.13"]
[Round "2.6"]
[White "Gruermann, Martin"]
[Black "Gruenter, Martin"]
[Result "0-1"]
[WhiteElo "2192"]
[BlackElo "2162"]
[PlyCount "90"]
[EventDate "2019.??.??"]
[SourceVersionDate "2020.03.16"]
[WhiteTeam "SV Letmathe 1"]
[BlackTeam "SF Essen-Katernberg  1"]

1. e4 c5 2. Nf3 d6 3. d4 cxd4 4. Qxd4 Nc6 5. Bb5 Bd7 6. Bxc6 Bxc6 7. c4 Nf6 8.
Nc3 e6 9. O-O Be7 10. Re1 h6 11. b3 O-O 12. Bb2 a6 13. Rad1 Qc7 14. h3 Rfd8 15.
Qe3 b5 16. Nd5 exd5 17. exd5 Bd7 18. Qxe7 Re8 19. Bxf6 Rxe7 20. Bxe7 bxc4 21.
Nd2 cxb3 22. axb3 Qb7 23. Bxd6 Qxd5 24. Nc4 Qb5 25. Ne5 Be6 26. b4 Rd8 27. Nf3
Qc6 28. Ne5 Qb5 29. Nf3 Qb7 30. Ne5 Bd5 31. Bc5 Rc8 32. Re3 a5 33. Ra3 axb4 34.
Ra7 Rxc5 35. Rxb7 Bxb7 36. Rd8+ Kh7 37. Nd7 Rc8 38. Rxc8 Bxc8 39. Nc5 Be6 40.
Kf1 b3 41. Na4 Kg6 42. Ke2 Bc4+ 43. Ke3 Bf1 44. Kf3 Kf5 45. h4 Ke5 0-1

[Event "SV Letmathe 1 - SF Essen-Katernberg  1"]
[Site "Oberliga NRW 2019/2020"]
[Date "2019.10.13"]
[Round "2.7"]
[White "Schimnatkowski, Lukas"]
[Black "Adamski, Jan"]
[Result "0-1"]
[WhiteElo "2147"]
[BlackElo "2168"]
[PlyCount "90"]
[EventDate "2019.??.??"]
[SourceVersionDate "2020.03.16"]
[WhiteTeam "SF Essen-Katernberg  1"]
[BlackTeam "SV Letmathe 1"]

1. e4 c5 2. c4 Nc6 3. Nc3 Nf6 4. g3 e6 5. Bg2 d5 6. exd5 exd5 7. Nxd5 Nxd5 8.
Bxd5 Nb4 9. Be4 Be7 10. a3 Nd3+ 11. Kf1 Nxf2 12. Qf3 Nxh1 13. Kg2 O-O 14. Kxh1
Rb8 15. a4 Be6 16. d3 Qd7 17. Ne2 f5 18. Bd5 Bxd5 19. cxd5 Rbd8 20. Nf4 g5 21.
Ne6 Qxd5 22. Qxd5 Rxd5 23. Nxf8 Kxf8 24. Bd2 Rxd3 25. Bc3 Kf7 26. Rc1 b6 27.
Be5 Bf6 28. Bb8 a5 29. Bc7 Bxb2 30. Rb1 Rd2 31. Bxb6 c4 32. Be3 Re2 33. Bxg5 c3
34. h4 Kg6 35. Kg1 h6 36. Kf1 hxg5 37. h5+ Kh6 38. Kxe2 c2 39. Rxb2 c1=Q 40.
Rb6+ Kxh5 41. g4+ Kxg4 42. Rh6 Qc2+ 43. Ke1 f4 44. Rh1 Qc1+ 45. Kf2 Qxh1 0-1

[Event "SV Letmathe 1 - SF Essen-Katernberg  1"]
[Site "Oberliga NRW 2019/2020"]
[Date "2019.10.13"]
[Round "2.8"]
[White "Pfleger, Sascha"]
[Black "Dette, Jan"]
[Result "0-1"]
[WhiteElo "1987"]
[BlackElo "2083"]
[PlyCount "90"]
[EventDate "2019.??.??"]
[SourceVersionDate "2020.03.16"]
[WhiteTeam "SV Letmathe 1"]
[BlackTeam "SF Essen-Katernberg  1"]

1. d4 e6 2. e4 d5 3. Nc3 Nf6 4. Bg5 Bb4 5. e5 h6 6. Bd2 Bxc3 7. bxc3 Ne4 8. Bd3
Nxd2 9. Qxd2 c5 10. Nh3 Qa5 11. Nf4 Nc6 12. c4 dxc4 13. Qxa5 Nxa5 14. Be4 cxd4
15. O-O-O d3 16. cxd3 cxd3 17. Nh5 Bd7 18. Rxd3 Bb5 19. Nxg7+ Kf8 20. Rg3 Rc8+
21. Kb1 Nc4 22. Re1 Rg8 23. Nh5 Rxg3 24. hxg3 Nxe5 25. Bxb7 Rc5 26. Nf4 Nd3 27.
Nxd3 Bxd3+ 28. Ka1 Rc2 29. f4 Bc4 30. Kb1 Rxa2 31. Rc1 Ra4 32. Bc6 Rb4+ 33. Kc2
Rb6 34. Be4 a5 35. Ra1 a4 36. Bd3 Bxd3+ 37. Kxd3 Ra6 38. Ra3 h5 39. Kc4 Kg7 40.
Kb5 Ra8 41. Kc5 Kf6 42. Kd4 Kf5 43. Kc5 f6 44. Kd4 Rg8 45. Rc3 e5+ 0-1

[Event "SV Wattenscheid 1 - SG Bochum 1"]
[Site "Oberliga NRW 2019/2020"]
[Date "2019.10.13"]
[Round "2.1"]
[White "Kotainy, Jens"]
[Black "Koscielski, Janusz"]
[Result "1/2-1/2"]
[WhiteElo "2429"]
[BlackElo "2217"]
[Annotator "Daniel"]
[PlyCount "107"]
[EventDate "2019.??.??"]
[SourceVersionDate "2020.03.16"]
[WhiteTeam "SG Bochum 1"]
[BlackTeam "SV Wattenscheid 1"]

1. e4 c5 2. Be2 Nc6 3. f4 g6 4. Nf3 Bg7 5. d3 e6 6. O-O Nge7 7. Qe1 d5 8. Kh1
b6 9. a3 Bb7 10. Nc3 Qd7 11. Rb1 Nd4 12. Bd1 O-O 13. Qh4 f5 14. e5 Nec6 15. Ne2
Nxf3 16. Rxf3 d4 17. Ng1 Rac8 18. b3 Ne7 19. Rh3 h6 20. Bf3 Nd5 21. Ne2 Kh7 22.
Bd2 b5 23. g4 Ne7 24. gxf5 Bxf3+ 25. Rxf3 Nxf5 26. Qg4 Qb7 27. Kg1 $11 h5 28.
Rh3 Bh6 29. Qf3 Rc7 30. Qxb7 Rxb7 31. Rf3 a6 32. Ra1 Rbf7 33. a4 b4 34. Raf1 h4
35. Kg2 Rh8 36. Kh3 Bf8 37. Rg1 Be7 38. Rf2 Kg7 39. Rfg2 Rh6 40. Rg4 Rf8 41.
Rf1 Rh5 42. Rfg1 Rh6 43. R1g2 Kf7 44. Ng1 Rfh8 45. Nf3 Rg8 46. Rg1 Rgh8 47. Bc1
Rg8 $11 48. Bd2 Rgh8 49. R4g2 Rg8 50. Re2 Rhh8 51. Be1 Rh6 52. Bd2 Rgh8 53. Be1
Rg8 54. Reg2 1/2-1/2

[Event "SV Wattenscheid 1 - SG Bochum 1"]
[Site "Oberliga NRW 2019/2020"]
[Date "2019.10.13"]
[Round "2.2"]
[White "Schiffer, Kai-Uwe"]
[Black "Hendriks, Willy"]
[Result "0-1"]
[WhiteElo "2259"]
[BlackElo "2397"]
[PlyCount "58"]
[EventDate "2019.??.??"]
[SourceVersionDate "2020.03.16"]
[WhiteTeam "SV Wattenscheid 1"]
[BlackTeam "SG Bochum 1"]

1. e4 d6 2. d4 Nf6 3. Nc3 g6 4. Bg5 Bg7 5. Qd2 c6 6. Bh6 Bxh6 7. Qxh6 Qa5 8.
Bd3 c5 9. d5 a6 10. Nf3 c4 11. Bxc4 Qc5 12. Bd3 Qxf2+ 13. Kxf2 Ng4+ 14. Kg3
Nxh6 15. Na4 Nd7 16. c4 O-O 17. b4 f5 18. c5 fxe4 19. Bxe4 Nf6 20. Nc3 Nhg4 21.
Ng5 Nh5+ 22. Kh4 Nf2 23. g3 Nxh1 24. Bxh1 Rf2 25. h3 h6 26. Nge4 Rh2 27. g4 Kg7
28. Na4 Bxg4 29. Rg1 Bxh3 0-1

[Event "SV Wattenscheid 1 - SG Bochum 1"]
[Site "Oberliga NRW 2019/2020"]
[Date "2019.10.13"]
[Round "2.4"]
[White "Straeter, Timo"]
[Black "Hengelbrock, Joachim"]
[Result "0-1"]
[WhiteElo "2316"]
[BlackElo "2271"]
[PlyCount "104"]
[EventDate "2019.??.??"]
[SourceVersionDate "2020.03.16"]
[WhiteTeam "SV Wattenscheid 1"]
[BlackTeam "SG Bochum 1"]

1. d4 Nf6 2. Nf3 b6 3. Nc3 d5 4. Bg5 a6 5. e3 Nbd7 6. Bd3 Bb7 7. O-O c5 8. Ne5
c4 9. Be2 b5 10. Nxd7 Qxd7 11. a3 g6 12. Bf4 e6 13. Be5 Be7 14. Bf3 O-O 15. Re1
a5 16. Ne2 Ne8 17. Bf4 Bc6 18. Bh6 Ng7 19. Ng3 b4 20. e4 bxa3 21. bxa3 Bd6 22.
Qd2 f6 23. Bf4 Be7 24. h4 f5 25. exf5 exf5 26. h5 Ne6 27. hxg6 hxg6 28. Qe3 Rf6
29. Be5 Re8 30. Ne2 g5 31. Bh5 Ref8 32. Bxf6 Rxf6 33. Nc3 Bd6 34. Bf3 Bf4 35.
Qe2 Nxd4 36. Bxd5+ Qxd5 37. Qe8+ Bxe8 38. Nxd5 Re6 39. Nxf4 gxf4 40. c3 Ne2+
41. Kf1 Bh5 42. f3 Ng3+ 43. Kf2 Rb6 44. Rab1 Rb3 45. Rxb3 cxb3 46. c4 Kf8 47.
c5 Be8 48. Re6 a4 49. Ra6 Ne2 50. c6 b2 51. c7 Bd7 52. Rb6 Nc3 0-1

[Event "SV Wattenscheid 1 - SG Bochum 1"]
[Site "Oberliga NRW 2019/2020"]
[Date "2019.10.13"]
[Round "2.5"]
[White "Dahm, Jochen"]
[Black "Wengenroth, Walter"]
[Result "1/2-1/2"]
[WhiteElo "2198"]
[BlackElo "2229"]
[PlyCount "49"]
[EventDate "2019.??.??"]
[SourceVersionDate "2020.03.16"]
[WhiteTeam "SG Bochum 1"]
[BlackTeam "SV Wattenscheid 1"]

1. e4 c5 2. Nf3 d6 3. d4 cxd4 4. Nxd4 Nf6 5. Nc3 Nc6 6. Bc4 Qb6 7. Nb3 e6 8.
Bf4 Ne5 9. Be2 Bd7 10. Be3 Qc7 11. Nb5 Bxb5 12. Bxb5+ Nc6 13. Bd3 d5 14. Nd2
Qe5 15. f4 Qxb2 16. Rb1 Qc3 17. Rb3 Qa5 18. Rxb7 Nxe4 19. Rb5 Qa4 20. Rb3 a6
21. O-O Bc5 22. Bxe4 Bxe3+ 23. Rxe3 dxe4 24. Rxe4 Qa5 25. f5 1/2-1/2

[Event "SV Wattenscheid 1 - SG Bochum 1"]
[Site "Oberliga NRW 2019/2020"]
[Date "2019.10.13"]
[Round "2.6"]
[White "Sandkamp, Ralph"]
[Black "Wuebker, Paul-Luca"]
[Result "0-1"]
[WhiteElo "2192"]
[BlackElo "2069"]
[PlyCount "98"]
[EventDate "2019.??.??"]
[SourceVersionDate "2020.03.16"]
[WhiteTeam "SV Wattenscheid 1"]
[BlackTeam "SG Bochum 1"]

1. Nf3 c5 2. g3 g6 3. Bg2 Bg7 4. O-O Nc6 5. c4 b6 6. e3 Ba6 7. Qa4 Na5 8. Na3
Qc8 9. d3 Nf6 10. Bd2 Nc6 11. d4 cxd4 12. exd4 O-O 13. d5 Nb8 14. Rfe1 Re8 15.
Nd4 Bb7 16. Rac1 Na6 17. b4 Nc7 18. Bf4 Ng4 19. Ndb5 d6 20. Bxd6 Nxb5 21. Nxb5
Nxf2 22. Bf4 Nd3 23. Nc7 Bd4+ 24. Kf1 Nxf4 25. Qxe8+ Qxe8 26. Nxe8 Nxg2 27.
Rxe7 Ne3+ 28. Ke2 Nf5 29. Re4 Bb2 30. Rb1 Bh8 31. g4 Kf8 32. gxf5 Rxe8 33.
Rxe8+ Kxe8 34. fxg6 hxg6 35. a4 Be5 36. h3 Bd6 37. c5 bxc5 38. bxc5 Ba6+ 39.
Kf3 Bxc5 40. h4 Ke7 41. h5 gxh5 42. Rh1 Kd6 43. Rxh5 Bd3 44. Kf4 f5 45. Rh7
Kxd5 46. Rd7+ Kc4 47. Ke5 Be3 48. a5 Be4 49. a6 Kb5 0-1

[Event "SV Wattenscheid 1 - SG Bochum 1"]
[Site "Oberliga NRW 2019/2020"]
[Date "2019.10.13"]
[Round "2.7"]
[White "Biermann, Lenhard"]
[Black "Hirsch, Stefan"]
[Result "1/2-1/2"]
[WhiteElo "2025"]
[BlackElo "2119"]
[PlyCount "25"]
[EventDate "2019.??.??"]
[SourceVersionDate "2020.03.16"]
[WhiteTeam "SG Bochum 1"]
[BlackTeam "SV Wattenscheid 1"]

1. d4 Nf6 2. Nf3 g6 3. c4 Bg7 4. Nc3 O-O 5. Bf4 d6 6. e3 Nh5 7. Bg5 h6 8. Bh4
f5 9. Nd2 Nf6 10. Bg3 Nh5 11. Bh4 Nf6 12. Bg3 Nh5 13. Bh4 1/2-1/2

[Event "SV Wattenscheid 1 - SG Bochum 1"]
[Site "Oberliga NRW 2019/2020"]
[Date "2019.10.13"]
[Round "2.8"]
[White "Koerber, Matthias"]
[Black "Biermann, Florian"]
[Result "1-0"]
[WhiteElo "2180"]
[BlackElo "2039"]
[PlyCount "93"]
[EventDate "2019.??.??"]
[SourceVersionDate "2020.03.16"]
[WhiteTeam "SV Wattenscheid 1"]
[BlackTeam "SG Bochum 1"]

1. d4 Nf6 2. c4 g6 3. g3 Bg7 4. Bg2 d6 5. Nf3 O-O 6. O-O Nc6 7. b3 a6 8. Nc3
Rb8 9. Bb2 b5 10. cxb5 axb5 11. Rc1 Bd7 12. Ne1 Na5 13. Nd3 e6 14. Qd2 Qe7 15.
Nb1 b4 16. Rxc7 d5 17. Rfc1 Qd6 18. Bf3 Qb6 19. Qf4 Bc6 20. Nxb4 g5 21. Qd6 Ne8
22. Qc5 Nxc7 23. Nxc6 Nxc6 24. Qxc6 Qxc6 25. Rxc6 Nb5 26. e3 Rfc8 27. Rxc8+
Rxc8 28. Bd1 Bf8 29. a4 Na7 30. g4 Bd6 31. h3 Nc6 32. Kf1 e5 33. Nc3 Nb4 34.
dxe5 Bxe5 35. Nxd5 Rd8 36. Bxe5 Rxd5 37. Bd4 Nc6 38. Bf3 Rd6 39. Bc5 Rf6 40.
Ke2 Ne5 41. Be4 Ra6 42. Bb7 Rh6 43. a5 Nd7 44. Bd4 Nb8 45. b4 Nc6 46. a6 Re6
47. Bxc6 1-0